Ecological numeracy : quantitative analysis of environmental issues

Αποθηκεύτηκε σε:
Λεπτομέρειες βιβλιογραφικής εγγραφής
Κύριος συγγραφέας: Herendeen, R. A.
Μορφή: Βιβλίο
Γλώσσα:English
Δημοσίευση: New York : John Wiley, c1998
Θέματα:
Ετικέτες: Προσθήκη ετικέτας
Δεν υπάρχουν, Καταχωρήστε ετικέτα πρώτοι!

MARC

LEADER 00000nam a2200000 i 4500
001 1/95181
008 081010s1998 eng d
020 |a 0-471-18309-1 
035 |l 10100767 
040 |a GR-MY-UA  |b gre  |e aacr 
041 0 |a eng 
082 0 |a 363.70015118  |2 (22) 
100 1 |a Herendeen, R. A. 
245 1 0 |a Ecological numeracy :  |b quantitative analysis of environmental issues /  |c Robert A. Herendeen 
260 |a New York :   |b John Wiley,   |c c1998 
300 |a xxiii, 331 σ.;  |b εικ., χάρτες;  |c 24 εκ. 
504 |a Βιβλιογραφία: σ. 317-326 
504 |a Ευρετήριο: σ. 327-331 
650 0 0 |a Environmental management  |x Mathematical models. 
650 0 0 |a Numeracy. 
650 0 0 |a Environmental economics. 
852 |a INST  |b LESVOS  |e 20081010  |h 363.70015118 HER  |p 005100043237  |q 005100043237  |t BK  |y 0 
901 |a BIBL1-2008-3 
909 |a Λ  |b 145068 
922 |a 1ΕΛΗ  |b 200801  |c ΕΠΕΑΕΚ2/ΤΕΘ  |d ΕΛΕΥΘΕΡΟΥΔΑΚΗΣ 
970 |a ΚΑΡΑ  |b ΓΙΑΣΕΜΗ  |z 2008/10/10